000 00594nam a2200241Ia 4500
003 OSt
005 20220918163448.0
006 a|||||r|||| 00| 0
007 ta
008 220917b |||||||| |||| 00| 0 eng d
020 _a002563920X
024 _a243,889
037 _cTextual
040 _aARTS
_cARTS
_beng
041 _2eng
_aeng
082 _aM37, M0
100 _aKlein Arold W.
_913264
245 0 _aSkin book
260 _aNew York
_bMacmillan Pub USA
_c1980
300 _a184p.
_ccm.
942 _hM37, M0
_cTEXL
_2CC
999 _c119711
_d119711